Prevalence and incidence of child marriage in india: (Record no. 38585)
[ view plain ]
| 000 -LEADER | |
|---|---|
| fixed length control field | 00432nam a2200121 4500 |
| 082 ## - DEWEY DECIMAL CLASSIFICATION NUMBER | |
| Classification number | RS.0981 |
| 100 ## - MAIN ENTRY--AUTHOR NAME | |
| Personal name | SHDA |
| Affiliation | Sustainable human development association |
| Place | Gorakhpur |
| 245 ## - TITLE STATEMENT | |
| Title | Prevalence and incidence of child marriage in india: |
| Sub Title | A Study of the enforcement prohibition of child marriage act/ |
| Statement of responsibility, etc | SHDA |
| 260 ## - PUBLICATION, DISTRIBUTION, ETC. (IMPRINT) | |
| Place of publication | Gorakhpur: |
| Name of publisher/Sponsor | Sustainable human development association, |
| 300 ## - PHYSICAL DESCRIPTION | |
| Number of Pages | 191p. |
| 536 ## - FUNDING INFORMATION NOTE | |
| Funding Agency | ICSSR |
| 942 ## - ADDED ENTRY ELEMENTS (KOHA) | |
| Source of classification or shelving scheme | Dewey Decimal Classification |
| Koha item type | Research Reports |
| Withdrawn status | Lost status | Damaged status | Use restrictions | Not for loan | Collection code | Home library | Current library | Date acquired | Source of acquisition | Full call number | Accession Number | Price effective from | Koha item type |
|---|---|---|---|---|---|---|---|---|---|---|---|---|---|
| Restricted Access | Not For Loan | ICSSR Research Project Reports | NASSDOC Library | NASSDOC Library | 02/08/2023 | ICSSR Research project reports division | RS.0981 | 53850 | 02/08/2023 | Research Reports |
